000 01323cam a22003497a 4500
003 CHAP
005 20220329142443.0
008 010307d2001 mx a r 00110 spa d
010 _a83727
011 _a84699
035 _a95225
040 _cCHAP
090 _aTesis
100 0 0 _aBarreto Barreto, Pedro.
_910441
245 1 0 _aReacción de especies de garbanzo silvestre y líneas cultivadas a la inoculación con las razas tres y cuatro de Fusarium oxysporum f. sp. ciceris
_c/por Pedro Barreto Barreto
260 _aChapingo, Méx. :
_bEl autor,
_c2001.
300 _a50 h. :
_bilus.
502 _aTesis (Ing. Agr. Esp. en Parasitología Agrícola) -- UACH. Departamento de Parasitología Agrícola
590 _aALEPH
_b10
_c20130110
_lUCH01
_h1441
590 _aBATCH-UPD
_b10
_c20130110
_lUCH01
_h0449
590 _aBATCH-UPD
_b10
_c20130410
_lUCH01
_h0126
590 _aBATCH-UPD
_b10
_c20130914
_lUCH01
_h0541
590 _aCONVERSION
_b10
_c20130109
_lUCH01
_h1347
650 1 4 _aFusarium oxysporum.
_944093
650 1 4 _aGarbanzo
_xInoculación.
_945616
650 1 4 _aGarbanzo
_xVariedades resistentes a enfermedades.
_945637
901 _aBK
905 _aMayto Villalobos S.
942 _cFOLL
949 _bBC
_cTES
_d33724000817144
_eTS2
_fc.2
_h37989
_i95225
_sb
949 _bBC
_cTES
_d952251
_eTS1
_h37988
_i95225
_sb
999 _c83727
_d83727